01195cam a22002531 450000100060000000300080000600500170001400800410003103500190007203500190009104000350011004100080014508200250015310000240017824500980020226000660030030000250036649000700039150400410046150503210050265000420082383000110086583000650087623964BD-RjUL20211209001006.0140312s1966 ctu b 000 0 eng d a(BD-RjUL)24029 a(OCoLC)1401319 aDLCcPSrSdOCoLCdBD-RjULbeng aeng a940.5359bSOU 19661 aSilverstein, Josef,10aSoutheast Asia in World War II :bfour essays /c[by] Josef Silverstein, editor [and others]. aNew Haven :bSoutheast Asia Studies, Yale University,cc1966. aiv, 86 p. ;c23 cm.1 aYale University. Southeast Asia Studies. Monograph series,vno. 7 aIncludes bibliographical references.0 aThe importance of the Japanese occupation of Southeast Asia to the political scientist, by J. Silverstein.--Japan: "The light of Asia," by B.R. O'G. Anderson.--The Burma Independence Army: a political movement in military garb, by D. Guyot.--The Philippine "collaborators": survival of an oligarchy, by D. Steinberg. 0aWorld War, 1939-1945zSoutheast Asia. 0vno. 7. 0aMonograph series (Yale University. Southeast Asia Studies) ;